| 000 | 01302nam0a2200349 4500 | ||
|---|---|---|---|
| 001 | RU\NLR\BIBL_A\012561694 | ||
| 005 | 20210817163102.0 | ||
| 010 |
_a978-5-04-119339-3 _93000 |
||
| 021 |
_aRU _bКН-П-21-012331 _9КН-П-21-1001 |
||
| 035 | _a(NLR Aleph) 012561694 | ||
| 090 |
_a12463057 _c12463057 |
||
| 100 | _a20210709d2021 u y0rusy50 ca | ||
| 101 | 1 |
_arus _cjpn |
|
| 102 | _aRU | ||
| 105 | _ay|||z|||000ay | ||
| 181 | 0 |
_ai _baxxe |
|
| 182 | 0 | _an | |
| 200 | 1 |
_aСтрана Чудес без тормозов и Конец Света _e[роман] _fХаруки Мураками _gперевод с японского Дмитрия Коваленина |
|
| 203 |
_aТекст _bвизуальный _cнепосредственный |
||
| 210 |
_aМосква _cЭксмо _d2021 |
||
| 215 |
_a542, [1] с. _d19 |
||
| 225 | 1 | _aPocket book | |
| 225 | 1 | _aPocket modern | |
| 300 | _a16+ | ||
| 300 | _aДр. кн. авт. на 4-й с. обл. | ||
| 686 | 1 | _aШ6(5Я)67-440.4{Лх2318-45} | |
| 700 | 1 |
_aМураками _bХ. _f1949- _gХаруки _3RU\NLR\AUTH\7713342 |
|
| 702 | 1 |
_aКоваленин _bД. В. _f1966- _gДмитрий Викторович _3RU\NLR\AUTH\7734390 _4730 |
|
| 942 | _cBOOK | ||
| 980 | _aNB | ||